000 00948nam a2200265Ia 4500
003 GCL
008 140319s9999 xx 000 0 ara d
040 _aGCL /
_cGCL
082 0 4 _a301.6
_bم ص
100 1 _aمحمد نجيب ابو طالب
245 1 0 _aالصراع الاجتماعى فى الدولة العباسية /
_cمحمد نجيب ابو طالب
700 1 _aالطاهر لبيب
260 _a[S.N] :
_bدار المعارف للطباعة والنشر
490 _aسلسلة الدراسات والبحوث المعمقة
_v0
650 0 4 _aالسياسة
650 0 4 _aالتاريخ الاسلامى
650 0 4 _aالتاريخ
650 0 4 _aالدولة العباسية
650 0 4 _aالاجتماع
650 0 4 _aالصراع الطائفى
650 0 4 _aالحضارة الاسلامية
650 0 4 _aالاجتماع التاريخى
650 0 4 _aالصراع الاجتماعى
942 _2ddc
_cBK
999 _c58612
_d58612